Digital Electronics and Systems (Record no. 170517)

MARC details
000 -LEADER
fixed length control field 00454nam a2200193Ia 4500
008 - FIXED-LENGTH DATA ELEMENTS--GENERAL INFORMATION
fixed length control field 240823s9999||||xx |||||||||||||| ||und||
020 ## - INTERNATIONAL STANDARD BOOK NUMBER
International Standard Book Number 0-07-053519-1
082 ## - DEWEY DECIMAL CLASSIFICATION NUMBER
-- 621.395 P4
100 ## - MAIN ENTRY--PERSONAL NAME
Personal name Jain R P
245 #0 - TITLE STATEMENT
Title Digital Electronics and Systems
250 ## - EDITION STATEMENT
Edition statement 1st
260 ## - PUBLICATION, DISTRIBUTION, ETC. (IMPRINT)
Date of publication, distribution, etc 2004
Name of publisher, distributor, etc "Tata Mcgraw-Hill,New"
500 ## - GENERAL NOTE
General note YES
650 ## - SUBJECT ADDED ENTRY--TOPICAL TERM
Topical term or geographic name as entry element Systems
942 ## - ADDED ENTRY ELEMENTS (KOHA)
Item type Books
Holdings
Withdrawn status Lost status Damaged status Permanent location Current location Date acquired Source of acquisition Cost, normal purchase price Full call number Barcode Date last seen Koha item type
      CENTRAL LIBRARY, NOORUL ISLAM CENTRE FOR HIGHER EDUCATION CENTRAL LIBRARY, NOORUL ISLAM CENTRE FOR HIGHER EDUCATION 03/09/2005 Higginbothams Private Ltd 210.00 621.395 P4 24731 08/23/2024 Books
Visitors:
Copyright © 2024 Central Library NICHE.  All rights reserved.